Random NBA Quiz - Statistics

General Stats
  • This quiz has been taken 38 times
  • The average score is 20 of 23
Answer Stats
Question % Correct
Who is number 30 for golden state? Stephen Curry
100%
How many rings does Bill Russell have? 11
97%
What number does Shai wear? 2
97%
What NBA player died from a helicopter crash? Kobe Bryant
97%
Was Michael Jordan only number 23? No
97%
Did Shaq play for the Celtics and the Lakers? Yes
97%
Who gets called Dame Time Damian Lillard
94%
Who has the most points in the NBA ever? LeBron James
94%
Who got MVP in 2025 Shai Gilgeous Alexander
94%
Who is currently the warriors coach? Steve Kerr
94%
Who dropped 100 points in a game Wilt Chamberlain
94%
What number was Shaq for the lakers? 34
91%
Who does Anthony Edwards get sponsered by? Adidas
91%
Who does LeBron get sponsered by? Nike
91%
Who first gave the choke celebration? Reggie Miller
91%
What is Pippen's first name? Scottie
91%
Allen Iverson went to jail (TRUE OR FALSE) True
91%
What year did the JA 3'S come out? 2025
89%
Who gave the choke celebration second? Tyrese Haliburton
86%
Spell Giannis' surname Antetokounmpo
83%
What numbers has LeBron wore? 6 and 23
74%
Who was called Tragic in the 1980's Magic Johnson
63%
Who was number 3 for Miami a few years back? Dwayne Wade
43%
No matching quizzes found
Score Distribution
Percent of People with Each Score
Percentile by Number Answered
Your Score History
You have not taken this quiz